Lexicon hesiodeum : index inversus /
Guardado en:
| Autor Principal: | |
|---|---|
| Otros Autores: | , |
| Formato: | Libro |
| Publicado: |
Leiden :
E.j. Brill,
1973
|
| Materias: | |
| Etiquetas: |
Agregar Etiqueta
Sin Etiquetas, Sea el primero en etiquetar este registro!
|
| LEADER | 00547nam a22001815a 4500 | ||
|---|---|---|---|
| 001 | EHU.bham011021 | ||
| 003 | AR-BHAM | ||
| 005 | 20071218150618.0 | ||
| 008 | 130507s1973##################000#0#####d | ||
| 082 | 8 | 8 | |a 880.3 |
| 100 | 1 | |a Hofinger, M. | |
| 245 | 1 | 0 | |a Lexicon hesiodeum : |b index inversus / |c M. Hofinger , M. Mund-dopchie , D. Pinte |
| 260 | |a Leiden : |b E.j. Brill, |c 1973 | ||
| 300 | |a 138 p. | ||
| 653 | |a Literatura griega-1600- | ||
| 700 | 1 | |a Mund-dopchie, M. | |
| 700 | 1 | |a Pinte, D. | |
| 859 | |a AR-BHAM |b BIB. HUMANIDADES - General |h 880.3 |i H676 |p 160.82 |t Ej.1 | ||
